000 01144nam0a22003371 4500
001 RU\INFOCOMM_322\NLR\5000280489
005 20250614081119.0
035 _a(NLR Aleph) 010628459
090 _a10627493
_c10627493
100 _a20130329d1975 |||y0rusy50 ca
101 0 _aeng
102 _aRU
105 _ay z||||
200 1 _aOn the role of resonances in multiphoton molecular transitions in an intense optical field
_fA. A. Samokhin, A. I. Voronin
210 _aM.
_d1975
215 _a[2], 9 с.
_cграф.
_d21 см
225 1 _aPreprint
_fAcad. of sciences of the USSR. P. N. Lebedev phys. inst.
_vNo. 109
320 _aБиблиогр.: с. 8
606 0 _aМолекулы
_xМногофотонные процессы
_2nlr_sh1
620 _aМосква
686 _aЗ86-01
_2rubbk
686 _aТ8-710
_2rubbk
686 _aˆ[‰З86-01]
_2rubbk
700 1 _9z01790
_aSamochin
_bA. A.
_gAleksandr Aleksandrovič
701 1 _aVoronin
_bA. I.
790 1 _9z01700
_aSamokhin
_bA. A.
_4070
801 1 _aRU
_bInfocomm
_c20130329
801 0 _aRU
_bINFOCOMM
_gPSBO
852 _aNLR
_jТ95 Д-4/59
942 _cBOOK
980 _aNB